| 000 | 00545nam a2200181 i 4500 | ||
|---|---|---|---|
| 001 | 67989 | ||
| 003 | ES-MaACL | ||
| 005 | 20230906170201.0 | ||
| 007 | t| | ||
| 008 | 040217s1961 sp ||||1| spa d | ||
| 100 | 1 |
_aGandarias Bajón, Juan Manuel de ( _d1921-2011) _953829 |
|
| 245 | 1 | 0 |
_aFisiología general y química biológica / _cJ.M. Gandarias. |
| 260 |
_aSalamanca : _b[s.n.], _c1961. |
||
| 300 |
_aXII, 362 p. : _bil. ; _c25 cm. |
||
| 500 | _aEs el Vol. 1º. | ||
| 650 | 4 |
_aFisiología. _9136120 |
|
| 852 |
_aES-MaACL _jB-13883 _bR.47909 |
||
| 999 |
_c67989 _d67989 |
||